000 00798nam a2200241Ia 4500
003 GCL
008 140319s9999 xx 000 0 ara d
040 _aGCL /
_cGCL
082 0 4 _a190.32
_bع ف
100 1 _aعلى عبدالمعطى محمد
245 1 0 _aالفكر السياسى الغربى /
_cعلى عبدالمعطى محمد
260 _a[S.N] :
_bدار المعرفة الجامعية ،
_c1993
300 _a479 ص
490 _a
650 0 4 _aالاحوال السياسية
650 0 4 _aالفلسفة المعاصرة
650 0 4 _aالفلسفة الافلاطونية
650 0 4 _aالفلسفة الاغريقية
650 0 4 _aالعصور الوسطى
650 0 4 _aالفلسفة السياسية
650 0 4 _aاوربا الغربية
942 _2ddc
_cBK
999 _c30571
_d30571